| 000 | 00348nam a22001457a 4500 | ||
|---|---|---|---|
| 008 | 221121b ||||| |||| 00| 0 eng d | ||
| 020 | _a9781455728107 | ||
| 041 | _aeng | ||
| 080 |
_2SEVENTH EDITION _a159.9 |
||
| 082 | _a159.9JAR | ||
| 100 | _a25 | ||
| 101 | _aPSI | ||
| 245 |
_aPHYSICAL EXAMINATION HEALTH ASSESSMENT _cJARVIS |
||
| 942 |
_2udc _cBK |
||
| 999 |
_c58990 _d58990 |
||